000 00467nam a2200169Ia 4500
008 090711s9999 xx 000 0 und d
082 _b53082
100 _aप्रीतम अमgता
245 _aकोरे कागद
260 _c1985
300 _a150
600 _aप्रीतम अमgता
630 _aकोरे कागद
700 _aप्रीतम अमgता
730 _aकोरे कागद
942 _cBOOK
999 _c302088
_d302088